LEADER 01278nam a2200277 4500 001 000000352688 003 CaOOAMICUS 005 20230116120026.0 008 230116s2022 it 000 u ita r 020 $a978-88-922276-8-2 040 $aSeMil$bita 100 1 $aSoana, Vittorio.$0(OLS)http://semarc/name/114492 245 12$aI fondamentali del counseling :$ble basi teoriche e metodologiche del processo /$cVittorio Soana, Milly De Micheli. 264 1$aCinisello Balsamo :$bSan Paolo,$c2022. 300 $a284 p. ;$c21 cm 490 1 $aCounseling : percorsi di relazione ;$v3 650 4$aCounseling.$0(OLS)http://semarc/subject/50852 700 1 $aDe Micheli, Milly.$0(OLS)http://semarc/name/116997 830 0$aCounseling : percorsi di relazione ;$v3.$0(OLS)http://semarc/title/442585 850 $aSeMil 852 $aSeMil$W1$xVenegono$y1$m2O III 512$j237437$B243910$CSeMilBibl$Z2$F243910 $81 961 $aAndreini don Luca - omaggio 996 $6020$a978-88-922276-8-2$9(OLS)http://semarc/number/297462 996 $6245$aI fondamentali del counseling :$ble basi teoriche e metodologiche del processo$9(OLS)http://semarc/title/442584 996 $6264$aCinisello Balsamo :$bSan Paolo$9(OLS)http://semarc/publisher/30129 LEADER 01357nam a2200277 i 4500 001 000000115346 003 CaOOAMICUS 005 20030520000000.0 008 030520s2002 it u000 u ita u 013 $a88035 020 $a88-87781-21-4 040 $aSeMil$bita 100 1 $aMassafra, Angelo .$0(OLS)http://semarc/name/90259 245 10$aRiconciliatevi con Dio :$bcinque anni di episcopato in Albania (1997-2002) : documenti e testimonianze sulla vita della Chiesa e della società /$cAngelo Massafra. 260 $aBari :$bStilo,$cstampa 2002. 300 $a334 p. :$bill. ;$c21 cm. 490 0 $aEsperienze pastorali 650 4$aVescovi - Insegnamento.$0(OLS)http://semarc/subject/1444 650 4$aAlbania - Chiesa - Storia.$0(OLS)http://semarc/subject/21101 830 0$aEsperienze pastorali.$0(OLS)http://semarc/title/12303 850 $aSeMil 852 $aSeMil$W1$xVenegono$y1$m3B III 92$j70873$B70873$CSeMilBibl$Z2$F96630 $81 961 $aOmaggio: Giudici Ecc. Giovanni 996 $6020$a88-87781-21-4$9(OLS)http://semarc/number/99102 996 $6245$aRiconciliatevi con Dio :$bcinque anni di episcopato in Albania (1997-2002) : documenti e testimonianze sulla vita della Chiesa e della società$9(OLS)http://semarc/title/168918 996 $6260$aBari :$bStilo$9(OLS)http://semarc/publisher/32531